00360nam a2200121 a 4500008004100000020001500041050001700056100002200073245007400095260003900169300002100208350000900229120416s0000 ||||||||||||||||| || u a0130546100 aTS 155.6 Gro aGroover, Mikell P10aAutomation, production systems, and computer integrated manufacturing aNew JerseybFT Prentice-Hallc1987 axxi, 808p. : ill a0.00